Jetpunk's Western Europe - Statistics

General Stats
  • This quiz has been taken 43 times
  • The average score is 15 of 19
Answer Stats
Answer % Correct
U.K
100%
Ireland
95%
B.
85%
D.
85%
N.
85%
France
83%
Germany
83%
L.
83%
Sw.
83%
Austria
78%
Italy
78%
L.
75%
M.
75%
M.
75%
P.
75%
Spain
75%
V.
73%
A.
70%
S.
70%
No matching quizzes found
Score Distribution
Percent of People with Each Score
Percentile by Number Answered
Your Score History
You have not taken this quiz